La Revue provinciale / (Record no. 2138)

MARC details
000 -LEADER
campo de control de longitud fija 00640nas a2200217 i 4500
001 - NÚMERO DE CONTROL
campo de control 2138
003 - IDENTIFICADOR DE NÚMERO DE CONTROL
campo de control ES-MaACL
005 - FECHA Y HORA DE LA ÚLTIMA TRANSACCIÓN
campo de control 20250217134528.0
008 - DATOS DE LONGITUD FIJA--INFORMACIÓN GENERAL
campo de control de longitud fija 950801d19011905fr | | 1 ||re d
022 ## - NÚMERO INTERNACIONAL NORMALIZADO PARA PUBLICACIONES SERIADAS
Número Internacional Normalizado para Publicaciones Seriadas 2022-1533
080 ## - NÚMERO DE LA CLASIFICACIÓN DECIMAL UNIVERSAL
Número de la Clasificación Decimal Universal 44
245 03 - MENCIÓN DEL TÍTULO
Título La Revue provinciale /
Mención de responsabilidad, etc. [dir. Charles Bellet].
260 ## - PUBLICACIÓN, DISTRIBUCIÓN, ETC.
Lugar de publicación, distribución, etc. Toulouse :
Nombre del editor, distribuidor, etc. Imp. Vialelle et Penry,
Fecha de publicación, distribución, etc. 1901-1905.
300 ## - DESCRIPCIÓN FÍSICA
Extensión 1 v. ;
Dimensiones 21 cm.
362 0# - FECHAS DE PUBLICACIÓN Y/O DESIGNACIÓN SECUENCIAL
Fecha de publicación y/o designación secuencial N. 1 (15 janvier 1901)-5e année, n° 51 (mai/juillet 1905)
650 #4 - PUNTO DE ACCESO ADICIONAL DE MATERIA--TÉRMINO DE MATERIA
Término de materia o nombre geográfico como elemento de entrada Revistas de información general.
9 (RLIN) 16896
700 1# - ENTRADA AGREGADA--NOMBRE PERSONAL
Nombre de persona Bellet, Charles.
9 (RLIN) 27201
852 ## - LOCALIZACIÓN
Ubicación ES-MaACL
Número de control de estantería Hem-280
866 #0 - MENCIÓN TEXTUAL DE FONDOS--UNIDAD BIBLIOGRÁFICA BÁSICA
Fondos 1903.
Holdings
Estatus retirado Estado de pérdida Estado de daño No para préstamo Colección Biblioteca de origen Biblioteca actual Ubicación en estantería Fecha de adquisición Fuente de adquisición Total de préstamos Signatura topográfica completa Código de barras Visto por última vez Precio de reemplazo Tipo de ítem Koha
        Periódicos y Revistas Biblioteca del Ateneo de Madrid Biblioteca del Ateneo de Madrid Depósito 1 17/01/2008     Hem-280 1002177 23/02/2023 23/02/2023 Revista